[Event "Lisbon Belen op 3rd"]
[Site "Lisbon"]
[Date "2007.02.19"]
[Round "2"]
[White "Bravo, Ricardo Antonio Rod"]
[Black "Martins, Nuno Manuel Lopes B"]
[Result "1/2-1/2"]
[WhiteElo "1723"]
[BlackElo "1494"]
[PlyCount "43"]
[EventDate "2007.02.15"]
[EventType "swiss"]
[EventRounds "7"]
[EventCountry "POR"]
[SourceTitle "EXT 2022"]
[Source "ChessBase"]
[SourceDate "2021.10.06"]
[SourceVersion "1"]
[SourceVersionDate "2021.10.06"]
[SourceQuality "1"]

1. d4 Nf6 2. c4 g6 3. Nc3 Bg7 4. e4 d6 5. f3 0-0 6. Be3 c5 7. dxc5 dxc5 8. Qxd8 Rxd8 9. Bxc5 Nc6 10. Rd1 Rxd1+ 11. Nxd1 Nd7 12. Ba3 b6 13. Ne2 a5 14. Nec3 e6 15. Be2 Nb4 16. 0-0 Nc5 17. Nb5 Nxa2 18. Ndc3 Nxc3 19. Nxc3 Bxc3 20. bxc3 Ba6 21. Bxc5 bxc5 22. Ra1 1/2-1/2